Zwycięzcy Ligi Europy- nagła śmierć - Statystyki

Ogólne statystyki
  • Ten quiz został rozwiązany 10 razy
  • Średni wynik to 10 z 39
Answers on the Grid
Answers color-coded by a green-red scale on the quiz's grid according to % correct below.
Liverpool FC
Manchester City
Real Madryt
Goteborg
Sporting Lizbona
Valencia
Rangers
Atletico Madryt
Villareal
Manchester United
Shamrock Rovers
Athletic Bilbao
Ajax Amsterdam
Panathinakos
Bodø Glimt
Ipswich Town
Bayer Leverkusen
Bayern Monachium
Legia Warszawa
Dynamo Kijów
FCSB
Juventus Turyn
Benfica Lizbona
Arsenal
HJK Helsinki
Club Brugge
Tottenham Hotspur
Atalanta
Union Saint- Gilloise
Slavia Praga
Dinamo Zagrzeb
Nottingham Forest
AC Milan
Parma
SSC Napoli
Ferencvarosi
Zenit Petersburg
FC Kopenhaga
Rosenborg Trondheim
Sevilla FC
FC Barcelona
AEK Ateny
Newcastle
Chelsea
PSV Eidhoven
Borussia Dortmund
Borussia Mönchengladbach
Rayo Vallecano
Lokomotiv Moskwa
Aston Villa
Lazio
As Roma
AZ Alkmaar
Real Sociedad
Hapoel Tel Awiw
Real Saragossa
Sturm Graz
Leeds United
Feyenoord Rotterdam
Leicester City
Augsburg
CSKA Moskwa
FC Porto
Galatasaray
Fenerbahçe
Inter Mediolan
Eintracht Frankfurt
Anderlecht
Sparta Praga
Schalke 04 Gelsenkirchen
Sheffield United
Szachtar Donieck
 
Statystyki odpowiedzi
Odpowiedź % Poprawnych
Villareal
78%
Atletico Madryt
67%
Chelsea
67%
Manchester United
67%
Liverpool FC
56%
CSKA Moskwa
44%
Eintracht Frankfurt
44%
Sevilla FC
44%
Szachtar Donieck
44%
Tottenham Hotspur
44%
Ajax Amsterdam
33%
Aston Villa
33%
Feyenoord Rotterdam
33%
Real Madryt
33%
Valencia
33%
Arsenal
22%
As Roma
22%
Atalanta
22%
Galatasaray
22%
Inter Mediolan
22%
Juventus Turyn
22%
PSV Eidhoven
22%
Anderlecht
11%
Bayer Leverkusen
11%
Bayern Monachium
11%
Borussia Mönchengladbach
11%
FC Barcelona
11%
FC Porto
11%
Ferencvarosi
11%
Goteborg
11%
Ipswich Town
11%
Parma
11%
Schalke 04 Gelsenkirchen
11%
Zenit Petersburg
11%
Dinamo Zagrzeb
0%
Leeds United
0%
Newcastle
0%
Real Saragossa
0%
SSC Napoli
0%
Nie znaleziono quizów pasujących do podanych kryteriów
Rozkład punktacji
Procent ludzi z każdym wynikiem
Percentyl według liczby udzielonych odpowiedzi
Twoja historia wyników
Nie rozwiązałeś tego quizu